Statistics for Countries Closest to India

Click here to take the quiz!

General Stats

  • This quiz has been taken 8,659 times
    (5,397 since last reset)
  • The average score is 18 of 20

Answer Stats

km country miles % Correct
0China0
99%
0Pakistan0
99%
0Nepal0
98%
1Sri Lanka1
98%
0Bangladesh0
97%
211Afghanistan131
95%
0Bhutan0
94%
0Myanmar0
94%
486Thailand302
93%
613Iran381
91%
717Laos445
90%
721Vietnam448
87%
617Uzbekistan384
85%
277Tajikistan172
85%
733Turkmenistan455
85%
808Kazakhstan502
84%
525Kyrgyzstan326
83%
130Maldives81
83%
632Malaysia393
82%
172Indonesia107
80%

Score Distribution

Percentile by Number Answered

Percent of People with Each Score

Your Score History

You have not taken this quiz since the last reset